Dizertačná práca: Vybrané štatistické metódy merania chudoby
Informácia o dizertačnej práci: Vybrané štatistické metódy merania chudoby. Práca je rozdelená do šiestich kapitol. Skúmajú sa v nej otázky chudoby od definovania určovania ekvivalenčných škál, hraníc chudoby až po jej meranie. V práci sú systematicky opísané metódy merania chudoby, ale aj ich aplik...
Guardado en:
| Autor principal: | |
|---|---|
| Formato: | Capítulo de libro |
| Lenguaje: | eslovaco |
| Materias: | |
| Etiquetas: |
Sin Etiquetas, Sea el primero en etiquetar este registro!
|
MARC
| LEADER | 00000naa$a2200000$$$4500 | ||
|---|---|---|---|
| 001 | 0004398 | ||
| 005 | 20240502071348.1 | ||
| 041 | 0 | |a slo | |
| 044 | |a SK | ||
| 245 | 1 | 0 | |a Dizertačná práca: Vybrané štatistické metódy merania chudoby |c aut. Mária Pažitná |
| 520 | |a Informácia o dizertačnej práci: Vybrané štatistické metódy merania chudoby. Práca je rozdelená do šiestich kapitol. Skúmajú sa v nej otázky chudoby od definovania určovania ekvivalenčných škál, hraníc chudoby až po jej meranie. V práci sú systematicky opísané metódy merania chudoby, ale aj ich aplikácia z dostupných údajov za Slovensko. | ||
| 610 | 2 | 0 | |a chudoba |
| 610 | 2 | 0 | |a metódy štatistické |
| 610 | 2 | 0 | |a Slovensko |
| 100 | 1 | |a Pažitná, Mária | |